| 000 | 00886nam a22002417a 4500 | ||
|---|---|---|---|
| 999 |
_c172670 _d172670 |
||
| 005 | 20200210160806.0 | ||
| 008 | 090520t xxu||||| |||| 00| 0 Ur d | ||
| 010 | _aA-429157 | ||
| 020 |
_a- _c800.00 |
||
| 035 | _aA-429157 | ||
| 037 | _bEducational Publishing House | ||
| 040 |
_adpl _bUrdu |
||
| 082 | _a854 | ||
| 100 | _aمرتبہ:و ہا ب ا شر فی | ||
| 245 | _aد ر پس آ يہنہ مرتبہ:و ہا ب ا شر فی | ||
| 246 |
_aDar Pas-e-Aaina _bEdited by Wahab Ashrafi |
||
| 260 |
_aDelhi _bEducational publishing house _c2010 |
||
| 270 |
_a3108,Vakil Street,Kucha Pandit,Lal Kuan, _bDelhi _e110006 _k- _l- |
||
| 300 |
_a976 p. _b24cm.(Hb) |
||
| 710 | _aسيّدہ جعفر | ||
| 942 |
_2ddc _cUR _h854 _mہ م ا |
||